| 000 | 00469nam a2200205Ia 4500 | ||
|---|---|---|---|
| 008 | 210210b1943 xxu||||| |||| 00| 0 eng d | ||
| 041 | _aeng | ||
| 082 | _a825/296 | ||
| 100 | _aELIOT (T S) | ||
| 245 | _aClassics and the man of letters | ||
| 260 |
_aLondon _bOxford University Press _c1943 |
||
| 650 | _athe | ||
| 650 | _aof | ||
| 650 | _aman | ||
| 650 | _aletters | ||
| 650 | _aClassics | ||
| 650 | _aand | ||
| 690 | _aEnglish Criticism | ||
| 906 | _a014613 | ||
| 999 |
_c133807 _d133807 |
||